| 000 | 00935cam a22002055a 4500 | ||
|---|---|---|---|
| 001 | L149381 | ||
| 008 | 100226s2010 xxk 000 0 eng d | ||
| 035 | _a(Sirsi) u149381 | ||
| 041 | 0 | _aeng | |
| 100 | 1 | _aPilkington, Lisa | |
| 245 | 0 | 0 |
_aFocus _bEast Midlands industrial |
| 260 | _c2010 | ||
| 490 | _aEstates Gazette | ||
| 520 | _aPredictions for East Midlands' industrial and distribution market for 2010 from an agent, a developer and a banker; optimism for East Midlands' industrial market is illustrated by Vertical Park, a massive scheme near Worksop; the appeal of major schemes close to the M1 compared with the centre of Nottingham, Derby and Leicester; knock-on effects of Northamptonshire's strength as a distribution hub. | ||
| 590 | _aKA | ||
| 651 | 4 | _aEast Midlands (England) | |
| 690 | _aPROPERTY-INDUSTRIAL PROPERTY-DISTRIBUTION CENTRE PROPERTY-DISTRIBUTION CENTRES | ||
| 700 | 1 | _aJacobs, Kurt | |
| 942 | _n0 | ||
| 999 |
_c82163 _d82163 |
||